00693nam a2200217Ia 4500003000400000005001700004008004100021040000700062041001200069082001900081100002800100245004000128260003900168365001300207650002600220650002800246906004000274942001200314999001900326952013000345OSt20250929185334.0210423s1988 xx 000 0 und d cAL aEnglish a305.235 bCHOY aPaul Chowdhry D9100807 aYouth participation and development aNew DelhibAtma ram and sonsc1988 b200cINR aSocial Groups9100808 aSocial Sciences9100809 adevelopment ; participation ; Youth 2ddccBK c171500d171500 001040708MSWaSACPGbSACPGd2001-07-16eBook Worldg200.00l0o305.235 CHOYpPG018014r2022-08-24 00:00:00w2021-04-26yBK